Determinación de parámetros hidrofisicos en los suelos del Centro de Desarrollo Tecnológico CDT - INTA

Presenta la determinación de parámetros hidrofisicos en los suelos del Centro de Desarrollo Tecnológico CDT - INTA Miraflor, Las Segovias, Estelí, incluye características edáficas del suelo. Propiedades hidrofísicas del suelo y cálculos de evatranspiración potencial por el método FAO PENMA...

Full description

Bibliographic Details
Main Authors: Martínez Jarquín, Geovanny Andrés, Cortez Arguello, Carlos Adrián
Other Authors: Tutor: Aguilar Velásquez, Alvaro Beni
Format: Tesis Section = Libro
Language:Undetermined
Spanish
Published: Managua UNI 2012
Subjects:
LEADER 01120nam a2200241Ia 4500
008 240830s9999 xx 000 0 und d
040 |a BIBLIOTECA-RUPAP Mon 624.15136 M385 
041 |a spa 
082 |a Mon 624.15136 M385 
100 1 |a Martínez Jarquín, Geovanny Andrés 
100 1 |b Cortez Arguello, Carlos Adrián 
245 1 0 |a Determinación de parámetros hidrofisicos en los suelos del Centro de Desarrollo Tecnológico CDT - INTA 
260 |a Managua  |b UNI  |c 2012 
300 |a 87 p. :il. 
500 |a Contiene: anexos e Incluye: CD. 
502 |a Tesis (Ingeniero Agrícola)- UNI, 2012. 
520 3 |a Presenta la determinación de parámetros hidrofisicos en los suelos del Centro de Desarrollo Tecnológico CDT - INTA Miraflor, Las Segovias, Estelí, incluye características edáficas del suelo. Propiedades hidrofísicas del suelo y cálculos de evatranspiración potencial por el método FAO PENMAN - MONTIETH. 
650 7 |a MECANICA DE SUELO 
650 7 |b INGENIERÍA AGRICOLA 
700 1 |a Tutor:  |b Aguilar Velásquez, Alvaro Beni 
942 |c BK  |2 ddc 
991 |a TESIS 
999 |c 15845